Joueurs français passés par le Real Madrid - Statistiques

Statistiques générales
  • Ce quiz a été pris 1 966 fois
    315 depuis la dernière actualisation
  • Le résultat moyen est 13 sur 23
Statistiques - réponses
Années Matchs Nom % Correct
2021- 180 Eduardo Camavinga
97%
2009-2023 648 Karim Benzema
96%
2022- 140 Aurélien Tchouaméni
95%
2024- 56 Kylian Mbappé
95%
2001-2006 227 Zinédine Zidane
95%
2012-2017 1 Enzo Zidane
94%
2019-2020 2 Luca Zidane
94%
2020-2024 0 Theo Zidane
94%
2019- 201 Ferland Mendy
90%
2011-2021 360 Raphaël Varane
90%
2000-2003 145 Claude Makélélé
64%
1956-1959 101 Raymond Kopa
62%
2009-2012 116 Lassana Diarra
59%
2017-2019 23 Théo Hernandez
56%
2019-2020 9 Alphonse Areola
50%
1999-2000 33 Nicolas Anelka
48%
1997-2000 82 Christian Karembeu
36%
1916-1917 8 René Petit
12%
1962-1965 92 Lucien Muller
4%
1902-1915 4 Enrique Normand
1%
1950-1953 46 Louis Hon
1%
1928-1929 0 Manuel Anatol
1%
1950-1951 21 Jean Luciano
0%
Aucun quiz correspondant
Distribution des résultats
% des personnes avec chaque résultat
Percentile par nombre de réponses
Votre historique - résultats
Vous n’avez pas pris ce quiz depuis la dernière actualisation